Normal view
MARC view
- Schulte, Patricia M.
Entry Nombre personal
001 - NÚMERO DE CONTROL
- campo de control: 1254
003 - IDENTIFICADOR DE NÚMERO DE CONTROL
- campo de control: DLC
005 - FECHA Y HORA DE LA ÚLTIMA TRANSACCIÓN
- campo de control: 20230629134315.0
008 - ELEMENTOS DE DATO DE LONGITUD-FIJA
- campo de control de longitud fija: 050609n| acannaabn |n aaa
010 ## - NÚMERO DE CONTROL DE LA BIBLIOTECA DEL CONGRESO
- Número de control de LC: n 2005042482
040 ## - FUENTE DE CATALOGACIÓN
- Centro catalogador/agencia de origen: DLC
- Lengua de catalogación: eng
- Centro/agencia transcriptor: DLC
100 1# - ENCABEZAMIENTO-NOMBRE DE PERSONA
- Nombre de persona: Schulte, Patricia M.
670 ## - FUENTE DE DATOS ENCONTRADOS
- Cita de la fuente: Moyes, Christopher D. Animal physiology, c2006:
- Información encontrada: ECIP t.p. (Patricia M. Schulte, PhD, University of British Columbia)